LEADER 01226nam a2200301 u 4500 001 000000063111 003 CaOOAMICUS 005 20070226121216.0 008 011018s1994 au u000 u ger u 020 $a3850683834 035 $a10906972 040 $aPUL$bita 245 04$aDie letzen Dinge /$cFranz Breid Hrsg. im Auftrag des Linzer Priesterkreises. 250 $a2. Aufl. 260 $aSteyr :$bW. Ennsthaler,$c1994. 300 $a271 p. ;$c21 cm 500 $a"Referate der Internationalen Theologischen Sommerakademie 1992", des Linzer Priesterkreises in Aigen/M". 504 $aBibliografia in nota. 650 4$aMorte$xAspetti religiosi.$0(OLS)http://pul/subject/4358 650 4$aResurrezione.$0(OLS)http://pul/subject/733 700 1 $aBreid, Franz.$0(OLS)http://pul/name/31051 850 $aPUL 852 $aPUL$W1$xDP2 Religione 3$y114$m230 ITS 1.2$j175959$nBK-PRI$b $qDDC 21$B81939$CPULBib$Z2$F81939 $H85335 $81 941 1 $a9 961 $aPrecedente collocazione: Fil 147 996 $6020$a3850683834$9(OLS)http://pul/number/81907 996 $6245$aDie letzen Dinge$9(OLS)http://pul/title/84172 996 $6260$aSteyr :$bW. Ennsthaler$9(OLS)http://pul/publisher/70521 LEADER 01531nam a2200313 u 4500 001 000000052662 003 CaOOAMICUS 005 20070226115456.0 008 001023s1965 fr u000 u fre u 035 $a10859097 040 $aPUL(R)$bita 041 0 $afre$agrc 100 1 $aBodin, Louis.$0(OLS)http://pul/name/17113 245 10$aExtraits d'Aristophane et de Ménandre :$btexte grec /$cpublié avec une introduction, index et des notes par Luois Bodin [et] Paul Mazon. 260 $aParis :$bHachette,$c1953. 300 $a364 p. ;$c15 cm 490 1 $aClassiques Athèna 500 $a"Les extraits d'Aristophane ont été couronnés en 1904 par l'Academie des Inscriptions et Belles Lettres". 650 4$aLetteratura classica.$0(OLS)http://pul/subject/5015 700 1 $aMazon, Paul,$d1874-1955.$0(OLS)http://pul/name/11005 700 0 $aAristophanes,$dc. 445-c. 385 a.C.$tGruppi, scelte$9(Aristophanes, c. 446-c. 385 a.C.).$0(OLS)http://pul/name/37559 700 0 $aMenander,$d342/41-291 a.C$tGruppi, scelte$9(Menander, 342/41-291 a.C.).$0(OLS)http://pul/name/37560 830 0$aClassiques Athèna.$0(OLS)http://pul/title/70608 850 $aPUL 852 $aPUL$W1$xDP1 Fondo Ciprotti$y59$m1547 D 36$j69589$nBK-PRI$b $qFondi$B69589$CPULBib$Z2$F69589 $H $81 941 1 $a1 961 $aINV: Fondo Ciprotti 996 $6245$aExtraits d'Aristophane et de Ménandre :$btexte grec$9(OLS)http://pul/title/70607 996 $6260$aParis :$bHachette$9(OLS)http://pul/publisher/48314